Normal view
MARC view
Entry Personal Name
001 - CONTROL NUMBER
- control field: 266
003 - CONTROL NUMBER IDENTIFIER
- control field: OSt
005 - DATE AND TIME OF LATEST TRANSACTION
- control field: 20110407164041.0
008 - FIXED-LENGTH DATA ELEMENTS
- fixed length control field: 110407|||a|||||| | ||| d
040 ## - CATALOGING SOURCE
- Original cataloging agency: OSt
- Transcribing agency: OSt
100 ## - HEADING--PERSONAL NAME
- Personal name: Re, Edward Domenic,
- Dates associated with a name: 1920-
- Relator term: joint author.
670 ## - SOURCE DATA FOUND
- Source citation: Work cat.: (OSt)0: Orfield, Lester B. 263, Cases and materials on international law,, 1956 [c1955]
